000
00223nam a2200097Ia 4500
008
240331s9999 xx 000 0 und d
082
_b
BAS
100
_a
Basnayake,H.T
245
0
_a
Purathana indeeya shishtacharaya
942
_c
L
999
_c
5281
_d
5281